01307nac a22003131i 4500003000900000005001700009008004100026020001500067020001800082040004300100082002000143245011600163246010300279264004700382264001000429300003100439336002600470337002800496338002700524500002000551650004300571650007000614655001700684700004900701700005900750942001900809999001500828952015000843EG-ScBUE20230810130658.0120307t1989 enk f 001 0 eng d a0816019959 a9780816019953 aEG-ScBUEbengerdacEG-ScBUEdEG-ScBUE04a911.24bATL22200aAtlas of the British empire /cgeneral editor, Dr. Christopher Bayly ; introduction by professor Norman Stone.34aAtlas of the British empire :bthe rise and fall of, the greatest empire, the world has ever known 1aLondon :bHamlyn Publishing Group,c[1989] 4cc1989 a256 pages :bmaps ;c31 cm 2rdacontentatextbtxt 2rdamediaaunmediatedbn 2rdacarrieravolumebnc aIncludes index. 7aWorldxHistoryvatlases.2BUEsh929283 7aBritish Commonwealth of NationsxHistory vatlases.2BUEsh929284 vReading book1 aBayly, C. A.‏q(Christopher Alan)eeditor.1 aStone, Norman,‏d1941-2019,eintroduction of author. cREFERENCE2ddc c7427d7427 00102ddc40708AlahramaMAINbMAINc0THd2008-01-24ePurchasel1o911.24 ATLp000009024r2025-07-15 00:00:00s2012-03-06w2008-01-24yREFERENCE